000 00865nmm a2200277 a 4500
001 ocm000585404
003 TR-IsHL
005 20201028121532.0
008 130705s2007 tu tur
007 cr cn
020 _a9789757594727
035 _a585404
_b(N$T)
050 0 4 _aPL234
_b.T87 2007
090 0 4 _aPL234
_b.T87 2007
100 1 _aKabaklı, Ahmet
245 1 0 _aTürkiye'yi yoğuranlar
_h[electronic resource] /
_cAhmet Kabaklı
250 _a4. bs.
260 _aİstanbul :
_bTürk Edebiyat Vakfı Yayınları,
_c2007
300 _a226 p.
650 4 _aDil ve Edebiyat
650 4 _aLanguage and Literature
650 0 _aTürk edebiyatı
650 0 _aTurkish literature
650 7 _aLITERARY CRITICISM / Middle Eastern
_2bisacsh
856 4 0 _uhttp://search.ebscohost.com/login.aspx?direct=true&scope=site&db=e011xww&AN=585404
999 _c1377
_d1377